00442nam a2200181Ia 4500008004100000020001800041050001400059100001900073245002300092245004600115260001500161260001600176260000900192300001400201300002700215300001000242500000800252170918s9999 xx 000 0 und d a9780590453035 bD716 1992 aDorros, Arthur aThis is my house / cwritten and illustrated by Arthur Dorros. aNew York : bScholastic, c1992 aunpaged : bcolored illustration ; c28cm. a550